[Event "GER-ch Seniors 65"]
[Site "Hamburg"]
[Date "2018.07.29"]
[Round "9"]
[White "Wolter, Guenter"]
[Black "Limberg, Siegfried"]
[Result "1-0"]
[WhiteElo "1846"]
[BlackElo "2075"]
[PlyCount "87"]
[EventDate "2018.07.21"]
[EventType "swiss"]
[EventRounds "9"]
[EventCountry "GER"]
[SourceTitle "CBM 186 Extra"]
[Source "ChessBase"]
[SourceDate "2018.08.24"]
[SourceVersion "1"]
[SourceVersionDate "2018.08.24"]
[SourceQuality "1"]

1. e4 c6 2. d4 g6 3. Nf3 Bg7 4. Bd3 d6 5. 0-0 e5 6. dxe5 dxe5 7. Bc4 Qc7 8. c3 Nf6 9. Qc2 0-0 10. h3 b5 11. Be2 a6 12. Be3 Nbd7 13. Nbd2 Bb7 14. c4 Rfc8 15. c5 a5 16. a4 Ba6 17. Rfd1 Nf8 18. Nb3 bxa4 19. Rxa4 Bb5 20. Ra3 Bxe2 21. Qxe2 Nxe4 22. Qc4 Nf6 23. Rda1 Nd5 24. Rxa5 Rxa5 25. Rxa5 Nxe3 26. fxe3 Rb8 27. Ra6 Qd7 28. Na5 Rxb2 29. Nxc6 Rb1+ 30. Kh2 Qc7 31. Qe4 Rb7 32. Ng5 h6 33. Nxf7 Kh7 34. Nfd8 Rb2 35. Ra7 Qc8 36. Qxe5 Nd7 37. Qe7 Rd2 38. Nd4 Qb8+ 39. Kg1 Qxa7 40. N8e6 Rd1+ 41. Kf2 Rd2+ 42. Ke1 Rd1+ 43. Kxd1 Qa1+ 44. Ke2 1-0

[Event "Baden Wuerttemberg-ch Seniors op 4th"]
[Site "Freudenstadt"]
[Date "2018.06.16"]
[Round "2"]
[White "Khanukov, Boris"]
[Black "Limberg, Siegfried"]
[Result "1/2-1/2"]
[WhiteElo "2271"]
[BlackElo "2034"]
[PlyCount "91"]
[EventDate "2018.06.15"]
[EventType "swiss"]
[EventRounds "9"]
[EventCountry "GER"]
[SourceTitle "EXT 2019"]
[Source "ChessBase"]
[SourceDate "2018.10.10"]
[SourceVersion "1"]
[SourceVersionDate "2018.10.10"]
[SourceQuality "1"]

1. Nf3 d5 2. g3 Nf6 3. Bg2 c6 4. b3 g6 5. Bb2 Bg7 6. 0-0 0-0 7. c4 Bg4 8. h3 Bxf3 9. Bxf3 e6 10. Qc2 Nbd7 11. d4 Re8 12. Bg2 Rc8 13. Nd2 e5 14. dxe5 Nxe5 15. Rad1 Qe7 16. e3 dxc4 17. Nxc4 Nxc4 18. Qxc4 Rcd8 19. Bd4 a6 20. a4 Nd7 21. Bxg7 Kxg7 22. g4 h6 23. Rd4 Ne5 24. Qc3 Rxd4 25. exd4 Nd7 26. d5+ Qe5 27. Qxe5+ Nxe5 28. f4 Nd3 29. dxc6 bxc6 30. Bxc6 Re3 31. Kh2 a5 32. Bd5 g5 33. fxg5 hxg5 34. Rxf7+ Kg6 35. Rf3 Re2+ 36. Kg3 Nf4 37. Rxf4 gxf4+ 38. Kxf4 Rf2+ 39. Kg3 Rd2 40. Bc4 Kf6 41. h4 Ke5 42. g5 Kf5 43. Kf3 Rd4 44. h5 Kxg5 45. Ke3 Rh4 46. Be2 1/2-1/2

[Event "Hessen-ch Seniors op 12th"]
[Site "Bad Sooden-Allendorf"]
[Date "2016.05.02"]
[Round "3"]
[White "Schuetze, Manfred"]
[Black "Limberg, Siegfried"]
[Result "0-1"]
[WhiteElo "1873"]
[BlackElo "2044"]
[PlyCount "56"]
[EventDate "2016.04.30"]
[EventType "swiss"]
[EventRounds "9"]
[EventCountry "GER"]
[SourceTitle "EXT 2019"]
[Source "ChessBase"]
[SourceDate "2018.10.10"]
[SourceVersion "1"]
[SourceVersionDate "2018.10.10"]
[SourceQuality "1"]

1. e4 c5 2. Nf3 e6 3. d4 cxd4 4. Nxd4 Nf6 5. Bd3 a6 6. 0-0 d6 7. Qe2 Nbd7 8. c4 Qc7 9. Nd2 b6 10. Kh1 Bb7 11. b3 Be7 12. Bb2 0-0 13. f4 Nc5 14. Bb1 Ne8 15. N4f3 a5 16. e5 d5 17. Nd4 g6 18. N2f3 dxc4 19. bxc4 Rc8 20. Nb5 Qb8 21. Bc2 Ng7 22. Rad1 Rfd8 23. Rxd8+ Rxd8 24. Kg1 h5 25. Bd4 Qc8 26. Rd1 Nf5 27. Bf2 Rxd1+ 28. Qxd1 Qd7 0-1

[Event "Schleswig Holstein-ch Seniors op 9th"]
[Site "Buesum"]
[Date "2015.10.04"]
[Round "6"]
[White "Limberg, Siegfried"]
[Black "Kierzek, Matthias"]
[Result "1/2-1/2"]
[WhiteElo "2037"]
[BlackElo "2226"]
[PlyCount "130"]
[EventDate "2015.09.28"]
[EventType "swiss"]
[EventRounds "9"]
[EventCountry "GER"]
[SourceTitle "EXT 2018"]
[Source "ChessBase"]
[SourceDate "2017.10.13"]
[SourceVersion "1"]
[SourceVersionDate "2017.10.13"]
[SourceQuality "1"]

1. d4 d5 2. Nf3 c5 3. e3 Nf6 4. c3 Nc6 5. Nbd2 e6 6. Bd3 Bd6 7. 0-0 0-0 8. dxc5 Bxc5 9. e4 Qc7 10. exd5 Nxd5 11. Ne4 Be7 12. Re1 h6 13. a3 f5 14. Ng3 Kh8 15. Bb1 Qd6 16. Qc2 e5 17. b4 e4 18. Nd2 Qg6 19. Nc4 Bf6 20. Bd2 b5 21. Nb2 Ne5 22. a4 f4 23. Qxe4 fxg3 24. Qxd5 gxf2+ 25. Kxf2 Bf5 26. Bxf5 Qxf5+ 27. Kg1 Rad8 28. Qc5 Be7 29. Qe3 Bg5 30. Qg3 Rxd2 31. Rxe5 Qc2 32. Rxg5 hxg5 33. Qxg5 Qxb2 34. Re1 Qc2 35. h4 Rd1 36. Qh5+ Kg8 37. Rxd1 Qxc3 38. Qd5+ Kh8 39. Qxb5 Qe3+ 40. Kh1 Qg3 41. Qg5 Qc3 42. Qe7 Rb8 43. b5 Qc2 44. Rd4 Qf2 45. Qe5 Rc8 46. Kh2 Rf8 47. Rg4 Rf7 48. h5 Kh7 49. Qg5 Qb6 50. a5 Qxa5 51. Qg6+ Kg8 52. h6 Qc7+ 53. Rg3 Qc4 54. Qg5 Qd4 55. hxg7 Qd6 56. Qg6 Qxg6 57. Rxg6 Rf5 58. Ra6 Rf7 59. b6 axb6 60. Rxb6 Kxg7 61. Kg3 Ra7 62. Kh4 Rc7 63. g4 Ra7 64. g5 Rc7 65. Kh5 Ra7 1/2-1/2

[Event "Schleswig Holstein-ch Seniors op 9th"]
[Site "Buesum"]
[Date "2015.09.30"]
[Round "3"]
[White "Hassenrueck, Helmut"]
[Black "Limberg, Siegfried"]
[Result "0-1"]
[WhiteElo "2240"]
[BlackElo "2037"]
[PlyCount "54"]
[EventDate "2015.09.28"]
[EventType "swiss"]
[EventRounds "9"]
[EventCountry "GER"]
[SourceTitle "EXT 2018"]
[Source "ChessBase"]
[SourceDate "2017.10.13"]
[SourceVersion "1"]
[SourceVersionDate "2017.10.13"]
[SourceQuality "1"]

1. d4 d5 2. Nf3 Nf6 3. c4 c6 4. e3 e6 5. Nbd2 Nbd7 6. Bd3 Bd6 7. 0-0 0-0 8. e4 dxe4 9. Nxe4 Nxe4 10. Bxe4 h6 11. Bc2 Re8 12. Qd3 Nf8 13. b3 b6 14. Bb2 Bb7 15. Rad1 Qe7 16. Ne5 Rad8 17. Qh3 c5 18. dxc5 Bxc5 19. Qh5 Nd7 20. Nxd7 Rxd7 21. Rxd7 Qxd7 22. Rd1 Qe7 23. Qg4 f5 24. Qg6 Bc6 25. Re1 Qf7 26. Qg3 Rd8 27. h4 Rd2 0-1

[Event "Schleswig Holstein-ch Seniors op 9th"]
[Site "Buesum"]
[Date "2015.09.29"]
[Round "2"]
[White "Limberg, Siegfried"]
[Black "Baum, Bernd"]
[Result "1-0"]
[WhiteElo "2037"]
[BlackElo "2264"]
[PlyCount "67"]
[EventDate "2015.09.28"]
[EventType "swiss"]
[EventRounds "9"]
[EventCountry "GER"]
[SourceTitle "EXT 2018"]
[Source "ChessBase"]
[SourceDate "2017.10.13"]
[SourceVersion "1"]
[SourceVersionDate "2017.10.13"]
[SourceQuality "1"]

1. d4 Nf6 2. Nf3 g6 3. c4 Bg7 4. Nc3 d5 5. cxd5 Nxd5 6. e4 Nxc3 7. bxc3 0-0 8. Be2 b6 9. Be3 Bb7 10. Qc2 Nd7 11. Rd1 c5 12. dxc5 Qc7 13. Bd4 Nxc5 14. Nd2 Bh6 15. f3 Rac8 16. 0-0 Ne6 17. Qb3 Nxd4 18. cxd4 Qc3 19. Qxc3 Rxc3 20. f4 Rc2 21. Bc4 Rd8 22. Bb3 Rb2 23. d5 b5 24. g3 a5 25. a4 bxa4 26. Bxa4 Bg7 27. Nf3 f5 28. Bc6 Ba6 29. Rf2 fxe4 30. Ne5 Rdb8 31. d6 Bxe5 32. fxe5 e3 33. Rxb2 Rxb2 34. dxe7 1-0

[Event "Wuertemberg-ch Seniors 27th"]
[Site "Freudenstadt"]
[Date "2015.07.03"]
[Round "1"]
[White "Heni, Norbert"]
[Black "Limberg, Siegfried"]
[Result "0-1"]
[WhiteElo "1793"]
[BlackElo "2032"]
[PlyCount "66"]
[EventDate "2015.07.03"]
[EventType "swiss"]
[EventRounds "9"]
[EventCountry "GER"]
[SourceTitle "EXT 2016"]
[Source "ChessBase"]
[SourceDate "2015.10.08"]
[SourceVersion "1"]
[SourceVersionDate "2015.10.08"]
[SourceQuality "1"]

1. c4 f5 2. g3 Nf6 3. Nc3 g6 4. Bg2 Bg7 5. d3 c6 6. e4 d6 7. Nge2 0-0 8. exf5 Bxf5 9. h3 Na6 10. g4 Bd7 11. 0-0 Nc7 12. Ng3 e5 13. Bg5 h6 14. Bxf6 Qxf6 15. Nge4 Qe7 16. Qb3 Rab8 17. Qa3 c5 18. Qxa7 Bc6 19. Qb6 Ne6 20. Nd5 Qd7 21. b4 cxb4 22. Qxb4 Rbd8 23. Nb6 Qe7 24. Rab1 Nf4 25. Qd2 Qh4 26. Kh2 Bxe4 27. dxe4 Nxh3 28. Bxh3 Rf3 29. Rb3 Qxh3+ 30. Kg1 Qxg4+ 31. Kh2 Rdf8 32. c5 R8f4 33. Rxf3 Rxf3 0-1

[Event "Hessen-ch Seniors op 11th"]
[Site "Bad Sooden-Allendorf"]
[Date "2015.05.17"]
[Round "9"]
[White "Limberg, Siegfried"]
[Black "Juergens, Peter1111"]
[Result "1/2-1/2"]
[WhiteElo "2037"]
[BlackElo "1943"]
[PlyCount "30"]
[EventDate "2015.05.09"]
[EventType "swiss"]
[EventRounds "9"]
[EventCountry "GER"]
[SourceTitle "EXT 2018"]
[Source "ChessBase"]
[SourceDate "2017.10.13"]
[SourceVersion "1"]
[SourceVersionDate "2017.10.13"]
[SourceQuality "1"]

1. d4 e6 2. Nf3 Nf6 3. e3 b6 4. Nbd2 Bb7 5. Bd3 d5 6. b3 Bd6 7. Bb2 0-0 8. 0-0 Qe7 9. h3 Ne4 10. Re1 Nd7 11. Nf1 f5 12. Ne5 Ndf6 13. f3 Ng5 14. Qe2 Nf7 15. b4 c5 1/2-1/2

[Event "Hessen-ch Seniors op 11th"]
[Site "Bad Sooden-Allendorf"]
[Date "2015.05.14"]
[Round "6"]
[White "Knaak, Joachim"]
[Black "Limberg, Siegfried"]
[Result "1-0"]
[WhiteElo "2140"]
[BlackElo "2037"]
[PlyCount "65"]
[EventDate "2015.05.09"]
[EventType "swiss"]
[EventRounds "9"]
[EventCountry "GER"]
[SourceTitle "EXT 2018"]
[Source "ChessBase"]
[SourceDate "2017.10.13"]
[SourceVersion "1"]
[SourceVersionDate "2017.10.13"]
[SourceQuality "1"]

1. d4 Nf6 2. c4 e6 3. Nf3 d5 4. Nc3 c6 5. e3 Nbd7 6. Bd3 Bd6 7. 0-0 0-0 8. Qc2 dxc4 9. Bxc4 e5 10. Bb3 Qe7 11. h3 h6 12. Nh4 Re8 13. Nf5 Qf8 14. Bd2 Nb6 15. Nxd6 Qxd6 16. Rae1 Be6 17. dxe5 Qxe5 18. e4 Bxb3 19. Qxb3 Qe6 20. Qxe6 Rxe6 21. b3 Nbd7 22. f3 b5 23. Be3 Nb6 24. Rc1 Nfd7 25. Rfd1 Rc8 26. Nxb5 c5 27. Nd6 Rc6 28. Nb7 Rg6 29. Nxc5 Ne5 30. Kf1 Rc8 31. f4 Rf6 32. Kg1 Nc6 33. e5 1-0

[Event "Hessen-ch Seniors op 11th"]
[Site "Bad Sooden-Allendorf"]
[Date "2015.05.11"]
[Round "3"]
[White "Walther, Gerd"]
[Black "Limberg, Siegfried"]
[Result "1/2-1/2"]
[WhiteElo "1925"]
[BlackElo "2037"]
[PlyCount "74"]
[EventDate "2015.05.09"]
[EventType "swiss"]
[EventRounds "9"]
[EventCountry "GER"]
[SourceTitle "EXT 2018"]
[Source "ChessBase"]
[SourceDate "2017.10.13"]
[SourceVersion "1"]
[SourceVersionDate "2017.10.13"]
[SourceQuality "1"]

1. d4 Nf6 2. Nf3 e6 3. Bg5 c5 4. e3 h6 5. Bh4 cxd4 6. exd4 b6 7. Bd3 Bb7 8. Nbd2 Be7 9. 0-0 0-0 10. c3 d6 11. Qe2 Nbd7 12. Rad1 Re8 13. Ne4 Nxe4 14. Bxe4 Bxe4 15. Qxe4 Bxh4 16. Qxh4 Qxh4 17. Nxh4 b5 18. f4 Nb6 19. Rd3 a5 20. f5 b4 21. f6 g5 22. Rg3 bxc3 23. bxc3 Rec8 24. Nf3 Nd5 25. h4 Nxf6 26. hxg5 Ne4 27. Rg4 Nxg5 28. Nxg5 hxg5 29. Rxg5+ Kf8 30. Rf3 Rab8 31. Re3 Ke7 32. Rf3 Rf8 33. c4 Rb4 34. Rb3 Rc8 35. Rf3 f5 36. d5 Rbxc4 37. dxe6 Kxe6 1/2-1/2

[Event "Schleswig Holstein-ch Seniors op"]
[Site "Buesum"]
[Date "2014.09.29"]
[Round "5"]
[White "Limberg, Siegfried"]
[Black "Kracht, Helmut"]
[Result "1/2-1/2"]
[WhiteElo "2076"]
[BlackElo "1993"]
[PlyCount "41"]
[EventDate "2014.09.25"]
[EventType "swiss"]
[EventRounds "9"]
[EventCountry "GER"]
[SourceTitle "EXT 2018"]
[Source "ChessBase"]
[SourceDate "2017.10.13"]
[SourceVersion "1"]
[SourceVersionDate "2017.10.13"]
[SourceQuality "1"]

1. d4 Nf6 2. Nf3 c5 3. e3 g6 4. Be2 Bg7 5. 0-0 b6 6. c4 0-0 7. Nc3 Bb7 8. Qc2 d6 9. Rd1 Qc8 10. b3 Nbd7 11. Bb2 cxd4 12. exd4 d5 13. Qd3 dxc4 14. bxc4 e6 15. Ba3 Rd8 16. Be7 Re8 17. Ba3 Rd8 18. Rac1 Bh6 19. Ra1 Nc5 20. Qc2 Ncd7 21. Be7 1/2-1/2

[Event "Schleswig Holstein-ch Seniors op"]
[Site "Buesum"]
[Date "2014.09.28"]
[Round "4"]
[White "Wulf, Adalbert"]
[Black "Limberg, Siegfried"]
[Result "0-1"]
[WhiteElo "1935"]
[BlackElo "2076"]
[PlyCount "71"]
[EventDate "2014.09.25"]
[EventType "swiss"]
[EventRounds "9"]
[EventCountry "GER"]
[SourceTitle "EXT 2018"]
[Source "ChessBase"]
[SourceDate "2017.10.13"]
[SourceVersion "1"]
[SourceVersionDate "2017.10.13"]
[SourceQuality "1"]

1. Nf3 Nf6 2. d3 c5 3. e4 d6 4. Be2 g6 5. b3 Bg7 6. Bb2 Nc6 7. Nbd2 0-0 8. 0-0 Bd7 9. a4 a6 10. Nc4 Qc7 11. a5 Rad8 12. Ra3 Be6 13. Nfd2 Nd4 14. Bxd4 cxd4 15. Bf3 h5 16. Qa1 Nd7 17. b4 Ne5 18. Nxe5 dxe5 19. Bd1 Rc8 20. Qb2 Qd7 21. Nb3 Qb5 22. Nd2 Rc7 23. h3 Rfc8 24. Nf3 f6 25. Kh2 Bf7 26. g3 Bf8 27. Ra1 e6 28. Rb1 Bh6 29. Kg2 Be8 30. Qa2 Kf7 31. g4 hxg4 32. hxg4 Bd7 33. g5 Bxg5 34. Nxg5+ fxg5 35. Rh1 Kg7 36. Rh3 0-1

[Event "Hessen-ch Seniors op 09th"]
[Site "Bad Sooden-Allendorf"]
[Date "2013.04.21"]
[Round "2"]
[White "Voeller, Lothar"]
[Black "Limberg, Siegfried"]
[Result "0-1"]
[WhiteElo "1666"]
[BlackElo "2109"]
[PlyCount "72"]
[EventDate "2013.04.20"]
[EventType "swiss"]
[EventRounds "9"]
[EventCountry "GER"]
[SourceTitle "EXT 2019"]
[Source "ChessBase"]
[SourceDate "2018.10.10"]
[SourceVersion "1"]
[SourceVersionDate "2018.10.10"]
[SourceQuality "1"]

1. e4 c6 2. Nf3 g6 3. d3 Bg7 4. g3 d6 5. Bg2 Nf6 6. 0-0 0-0 7. Nbd2 Na6 8. Re1 e5 9. Nf1 h6 10. Nh4 Be6 11. Bd2 Qc8 12. Ne3 Nc7 13. b3 Kh7 14. c4 Bh3 15. Bxh3 Qxh3 16. Qf3 Qd7 17. Bb4 Ne6 18. Bc3 Ng5 19. Qg2 Ng4 20. Nxg4 Qxg4 21. f3 Qd7 22. g4 Ne6 23. Bd2 Bf6 24. Qh3 Nf4 25. Bxf4 exf4 26. Ng2 Bxa1 27. Rxa1 g5 28. Qh5 Qe6 29. h4 Qg6 30. hxg5 Qxh5 31. gxh5 hxg5 32. Kf2 Kh6 33. Rh1 d5 34. Ne1 Rad8 35. cxd5 cxd5 36. e5 d4 0-1

[Event "Hessen-ch Seniors op 09th"]
[Site "Bad Sooden-Allendorf"]
[Date "2013.04.20"]
[Round "1"]
[White "Limberg, Siegfried"]
[Black "Barlo, Werner"]
[Result "1/2-1/2"]
[WhiteElo "2109"]
[BlackElo "1835"]
[PlyCount "87"]
[EventDate "2013.04.20"]
[EventType "swiss"]
[EventRounds "9"]
[EventCountry "GER"]
[SourceTitle "EXT 2019"]
[Source "ChessBase"]
[SourceDate "2018.10.10"]
[SourceVersion "1"]
[SourceVersionDate "2018.10.10"]
[SourceQuality "1"]

1. d4 Nf6 2. Nf3 e6 3. e3 d5 4. Bd3 Bd6 5. Nbd2 Nbd7 6. 0-0 0-0 7. Re1 e5 8. e4 dxe4 9. Nxe4 Nxe4 10. Bxe4 exd4 11. Nxd4 Nf6 12. Bf3 h6 13. Be3 c6 14. c3 Qc7 15. h3 Bd7 16. Qc2 Rfe8 17. Rad1 Rad8 18. Nf5 Bxf5 19. Qxf5 Re5 20. Qc2 Rde8 21. Rf1 a6 22. Rd2 Nd5 23. Bxd5 Rxd5 24. Rxd5 cxd5 25. Rd1 Rd8 26. Qb3 Qc6 27. Bb6 Rd7 28. a4 Bc5 29. Bxc5 Qxc5 30. Rd4 Qc6 31. Qd1 b5 32. axb5 axb5 33. Qe2 Ra7 34. Qe5 Ra1+ 35. Kh2 Rb1 36. Rxd5 Rxb2 37. Rd8+ Kh7 38. Qf5+ Qg6 39. Qc8 Qf6 40. Rh8+ Kg6 41. Qg4+ Qg5 42. Qe4+ Qf5 43. Qc6+ Qf6 44. Qe4+ 1/2-1/2

[Event "GER-ch Seniors"]
[Site "Dresden"]
[Date "2012.08.14"]
[Round "6"]
[White "Limberg, Siegfried"]
[Black "Neese, Hans Joachim"]
[Result "1/2-1/2"]
[WhiteElo "2100"]
[BlackElo "2202"]
[PlyCount "102"]
[EventDate "2012.08.09"]
[EventType "swiss"]
[EventRounds "9"]
[EventCountry "GER"]
[SourceTitle "EXT 2014"]
[Source "ChessBase"]
[SourceDate "2013.11.20"]
[SourceVersion "1"]
[SourceVersionDate "2013.11.20"]
[SourceQuality "1"]

1. d4 Nf6 2. Nf3 d5 3. e3 c6 4. Nbd2 Bf5 5. Be2 h6 6. 0-0 Nbd7 7. b3 e6 8. Bb2 Be7 9. Bd3 Ne4 10. Ne1 Bd6 11. g3 Nxd2 12. Qxd2 Bh3 13. Ng2 f5 14. f3 0-0 15. Rf2 g5 16. c4 Nf6 17. Ne1 Qe8 18. a3 Rd8 19. Rc1 Rd7 20. Bb1 Rg7 21. Re2 h5 22. Nd3 g4 23. f4 h4 24. Ne1 Nh5 25. Kf2 Rh7 26. Nd3 Qe7 27. c5 Bb8 28. Rg1 hxg3+ 29. hxg3 Rf6 30. Ree1 Rfh6 31. Ke2 Nf6 32. Nf2 Ne4 33. Bxe4 fxe4 34. b4 Qd8 35. a4 b6 36. Qc3 Qc8 37. b5 Rc7 38. Rc1 cxb5 39. axb5 a6 40. Qb4 Ba7 41. c6 axb5 42. Qxb5 Qf8 43. Qb3 Qe7 44. Rc3 Rc8 45. Ba3 Qc7 46. Qb4 Rh7 47. Nd1 Bb8 48. Kf2 Qa7 49. Qb5 Bc7 50. Rb3 Ra8 51. Nc3 Qa6 1/2-1/2

[Event "GER-ch Seniors"]
[Site "Dresden"]
[Date "2012.08.10"]
[Round "2"]
[White "Limberg, Siegfried"]
[Black "Klein, Gernot"]
[Result "1/2-1/2"]
[WhiteElo "2100"]
[BlackElo "1979"]
[PlyCount "103"]
[EventDate "2012.08.09"]
[EventType "swiss"]
[EventRounds "9"]
[EventCountry "GER"]
[SourceTitle "EXT 2014"]
[Source "ChessBase"]
[SourceDate "2013.11.20"]
[SourceVersion "1"]
[SourceVersionDate "2013.11.20"]
[SourceQuality "1"]

1. d4 Nf6 2. Nf3 e6 3. e3 c5 4. Bd3 d5 5. c3 Be7 6. Nbd2 Nbd7 7. 0-0 0-0 8. Qe2 Qc7 9. e4 dxe4 10. Nxe4 Nxe4 11. Qxe4 Nf6 12. Qh4 Re8 13. Bg5 h6 14. Bxf6 Bxf6 15. Qe4 g6 16. Ne5 Bxe5 17. dxe5 Qe7 18. Rfd1 Rb8 19. Bb5 Rd8 20. Qe3 Rxd1+ 21. Rxd1 Kg7 22. Rd6 a6 23. Be2 Bd7 24. Qxc5 Rc8 25. Qe3 Bc6 26. Qd2 Qh4 27. Rd4 Qe7 28. h3 Bd5 29. c4 Bc6 30. a3 b5 31. cxb5 Bxb5 32. Bxb5 axb5 33. Rd3 Rc4 34. b3 Re4 35. Qb2 Qg5 36. Rd1 h5 37. Kf1 Qf4 38. Re1 Rxe1+ 39. Kxe1 Qh2 40. Qe2 Qxg2 41. Qe3 Qh1+ 42. Ke2 Qc6 43. Kd2 Qc8 44. b4 Qc4 45. Qc3 Qf4+ 46. Ke2 Qe4+ 47. Qe3 Qc2+ 48. Kf3 Qd1+ 49. Kg2 Qd5+ 50. Kh2 Qc4 51. Qc5 Qe2 52. Qe3 1/2-1/2